00569nam a2200181 a 45000010010000000030011000100080041000210350026000620820016000881000015001042450065001192600054001846500011002389420012002499520091002619980020003529990015003720000-8534ELIB.Books110520 2006  a(ELIB.Books)0000-8679 aM.Div bJel aJelly, Saw aThe Understanding of Christian Marriage and Relating to Mari bInsein: Karen Baptist Theological Seminary c2006 aThesis 2ddccBK 00102ddc4070aKBTSbKBTSd2011-05-20l0p30377r2022-01-22 00:00:00w2022-01-22yBK cbate2011-05-20 c8534d8534